| 000 | 01155cam a2200313 a 4500 | ||
|---|---|---|---|
| 001 | 3031545 | ||
| 003 | ASAB | ||
| 005 | 20180827062620.0 | ||
| 008 | 950206s1995 txua b 001 0 eng | ||
| 010 | _a 95001237 | ||
| 020 | _a1570592381 | ||
| 040 |
_aDLC _cASAB _dDLC |
||
| 043 | _ad------ | ||
| 050 | 0 | 0 |
_aSB106.B56 _bP593 1995 |
| 082 | 0 | 0 |
_a338.1/62 _220 |
| 245 | 0 | 0 |
_aPlant biotechnology transfer to developing countries / _c[edited by] David W. Altman, Kazuo N. Watanabe. |
| 260 |
_aAustin : _bR.G. Landes Co., _cc1995. |
||
| 300 |
_a300 p. : _bill. ; _c27 cm. |
||
| 490 | 1 | _aBiotechnology intelligence unit | |
| 504 | _aIncludes bibliographical references and index. | ||
| 650 | 0 |
_aPlant biotechnology _xTechnology transfer _zDeveloping countries. _91565 |
|
| 650 | 0 |
_aPlant biotechnology. _91566 |
|
| 700 | 1 |
_aAltman, David W. _91567 |
|
| 700 | 1 |
_aWatanabe, Kazuo N. _91568 |
|
| 830 | 0 |
_aBiotechnology intelligence unit (Unnumbered) _91569 |
|
| 906 |
_a7 _bcbc _corignew _d1 _eocip _f19 _gy-gencatlg |
||
| 942 |
_2ddc _cBK |
||
| 999 |
_c480017 _d480017 |
||